5HLuxD.jpg

KING HENRY VIII SENIOR AND PRIMARY SCHOOL LIBRARY OPAC

Pig out! / (Record no. 4427)

000 -LEADER
fixed length control field 00546nam a2200169 a 4500
008 - FIXED-LENGTH DATA ELEMENTS--GENERAL INFORMATION
fixed length control field 951226s1997 nyua a 000 1 eng d
010 ## - LIBRARY OF CONGRESS CONTROL NUMBER
LC control number 95079285
020 ## - INTERNATIONAL STANDARD BOOK NUMBER
International Standard Book Number 0448412942 (pbk.) :
Terms of availability $3.95
050 00 - LIBRARY OF CONGRESS CALL NUMBER
Classification number PZ7.A1653
Item number Pi 1997
082 00 - DEWEY DECIMAL CLASSIFICATION NUMBER
Classification number 823
Edition number 21
100 1# - MAIN ENTRY--PERSONAL NAME
Personal name Aborio, Portia.
245 10 - TITLE STATEMENT
Title Pig out! /
Statement of responsibility, etc. by Portia Aborio ; illustrated by Heidi Petach.
260 ## - PUBLICATION, DISTRIBUTION, ETC.
Place of publication, distribution, etc. New York :
Name of publisher, distributor, etc. Grosset & Dunlap,
Date of publication, distribution, etc. c1997.
300 ## - PHYSICAL DESCRIPTION
Extent 22 p. :
Other physical details col. ill. ;
Dimensions 23 cm.
500 ## - GENERAL NOTE
General note Includes 24 flash cards on four pages attached inside back cover.
942 ## - ADDED ENTRY ELEMENTS (KOHA)
Source of classification or shelving scheme
Holdings
Withdrawn status Lost status Source of classification or shelving scheme Damaged status Not for loan Collection code Permanent Location Current Location Shelving location Date acquired Total Checkouts Full call number Barcode Date last seen Date last checked out Price effective from Koha item type Public note
          Fiction KH8 Primary School Library KH8 Primary School Library Fiction 2025-02-18 1 823 ABO KHPL000006182 2025-12-05 2025-03-07 2025-02-18 Books - Fiction KH8 PRIMARY LIBRARY

Powered By KH8 IT Dept